Угадай город россии по фото - Statistics

General Stats
  • This quiz has been taken 64 times
  • The average score is 8 of 24
Answer Stats
Picture Answer % Correct
Москва
100%
Санкт Петербург
96%
Волгоград
83%
Владивосток
72%
Калининград
58%
Мурманск
45%
Псков
43%
Красноярск
40%
Севастополь
38%
Смоленск
32%
Архангельск
28%
Благовещенск
25%
Владикавказ
23%
Магадан
23%
Анапа
19%
Астрахань
19%
Плёс
15%
Ставрополь
15%
Иваново
13%
Курган
13%
Выборг
9%
Кызыл
8%
Кисловодск
8%
Липецк
8%
No matching quizzes found
Score Distribution
Percent of People with Each Score
Percentile by Number Answered
Your Score History
You have not taken this quiz